Melissa Benoist Filmography - Statistics

General Stats
  • This quiz has been taken 23 times
  • The average score is 7 of 22
Answer Stats
year Role TV/ movie % Correct
2012-2014 Marley Rose Glee
81%
2015-present Kara Zor-el/ Kara danvers/ Overgirl/ Bizzaro/ suerpgirl Supergirl
81%
2016-present Kara Davers/ Supergirl The Flash
75%
2016-present Kara danvers/ Supergirl Arrow
69%
2017 Tally Petersen Sun Dogs
38%
2014 Nicole Whiplash
38%
2016-2017 Kara Danvers/ Supergirl Legends of Tomorrow
31%
2016 Lorelei Lowriders
31%
2015 Marcia The Longest Ride
31%
2018 Rachel Koresh Waco
31%
2015 Jamie Danny Collins
25%
2008 laurel Tennessee
25%
2017 Jennifer Billy Boy
19%
2010 Jessalyn Kerr Law & order: criminal Intent
19%
2016 katherine Russell Patriots day
19%
2015 Becky Thatcher Band of Robbers
13%
2010 renee Blue Bloods
13%
2017-2018 Overgirl freedom Fighters: the Ray
13%
2011 Stacy Moore Homeland
13%
2010 Ava Law & order: Special Victims Unit
13%
2010 Molly The Good Wife
13%
2019 Susan The Stew
13%
No matching quizzes found
Score Distribution
Percent of People with Each Score
Percentile by Number Answered
Your Score History
You have not taken this quiz